[Event "BCF-chT3N 1617 (4NCL)"]
[Site "England"]
[Date "2016.11.26"]
[Round "1.54"]
[White "Laurence, Geoffrey"]
[Black "Russell, Harry"]
[Result "1/2-1/2"]
[WhiteElo "1961"]
[BlackElo "2036"]
[PlyCount "45"]
[EventDate "2016.11.26"]
[EventType "team-swiss"]
[EventRounds "11"]
[EventCountry "ENG"]
[SourceTitle "EXT 2019"]
[Source "ChessBase"]
[SourceDate "2018.10.10"]
[SourceVersion "1"]
[SourceVersionDate "2018.10.10"]
[SourceQuality "1"]
[WhiteTeam "Holmes Chapel"]
[BlackTeam "Cheddleton II"]
[WhiteTeamCountry "ENG"]
[BlackTeamCountry "ENG"]

1. d4 Nf6 2. Nf3 g6 3. Nc3 d5 4. Bf4 Bg7 5. e3 0-0 6. Be2 a6 7. Ne5 b5 8. a3 Bb7 9. h4 h6 10. h5 g5 11. Bxg5 hxg5 12. h6 Bxh6 13. Rxh6 Kg7 14. Rh1 Rh8 15. Kd2 Nc6 16. Nxc6 Bxc6 17. Rxh8 Qxh8 18. Qh1 Ne4+ 19. Nxe4 dxe4 20. Rg1 Rd8 21. Kc1 a5 22. c3 Rb8 23. f3 1/2-1/2

[Event "BCF-chT3Nd 1516 (4NCL)"]
[Site "England"]
[Date "2016.04.30"]
[Round "9.118"]
[White "Bak, Andrew"]
[Black "Laurence, Geoffrey"]
[Result "1-0"]
[WhiteElo "2017"]
[BlackElo "2012"]
[PlyCount "97"]
[EventDate "2016.03.20"]
[EventType "team-swiss"]
[EventRounds "11"]
[EventCountry "ENG"]
[SourceTitle "EXT 2017"]
[Source "ChessBase"]
[SourceDate "2016.10.25"]
[SourceVersion "1"]
[SourceVersionDate "2016.10.25"]
[SourceQuality "1"]
[WhiteTeam "Bradford DCA Knights II"]
[BlackTeam "Holmes Chapel"]
[WhiteTeamCountry "ENG"]
[BlackTeamCountry "ENG"]

1. d4 d5 2. c4 Nc6 3. Nf3 Bg4 4. Nc3 e6 5. Qb3 Bb4 6. cxd5 Qxd5 7. Qxd5 exd5 8. e3 Nge7 9. Be2 0-0 10. 0-0 a6 11. h3 Bh5 12. a3 Bd6 13. b4 h6 14. Bd2 Na7 15. Rfc1 c6 16. Na4 Rfe8 17. Nc5 Rab8 18. Kf1 Kh8 19. g4 Bg6 20. Nd7 Rbd8 21. Nfe5 f6 22. Nxg6+ Nxg6 23. Nc5 Re7 24. f4 Rde8 25. Bd3 Nf8 26. f5 Bb8 27. a4 Nc8 28. b5 axb5 29. axb5 Nd6 30. bxc6 bxc6 31. Na6 Ne4 32. Bxe4 Rxe4 33. Rxc6 Nh7 34. Nc5 R4e7 35. Ne6 Ng5 36. Nxg5 hxg5 37. Ra5 Rd7 38. Kf2 Kh7 39. Kf3 Bh2 40. Rb5 Rb8 41. Rxb8 Bxb8 42. e4 dxe4+ 43. Kxe4 Ba7 44. d5 Kg8 45. d6 Kf7 46. Kd5 Bb8 47. Bb4 Rb7 48. Rc4 Rd7 49. Kc6 1-0

[Event "BCF-chT3Nd 1516 (4NCL)"]
[Site "England"]
[Date "2016.03.20"]
[Round "8.119"]
[White "Bibby, Liam"]
[Black "Laurence, Geoffrey"]
[Result "0-1"]
[WhiteElo "1682"]
[BlackElo "2012"]
[PlyCount "64"]
[EventDate "2016.03.20"]
[EventType "team-swiss"]
[EventRounds "11"]
[EventCountry "ENG"]
[SourceTitle "EXT 2017"]
[Source "ChessBase"]
[SourceDate "2016.10.25"]
[SourceVersion "1"]
[SourceVersionDate "2016.10.25"]
[SourceQuality "1"]
[WhiteTeam "Manx Ravens"]
[BlackTeam "Holmes Chapel"]
[WhiteTeamCountry "ENG"]
[BlackTeamCountry "ENG"]

1. d4 d5 2. c4 Nc6 3. Nf3 Bg4 4. e3 e6 5. Be2 Nf6 6. 0-0 Be7 7. Nc3 0-0 8. Bd2 a6 9. b3 h6 10. a3 Re8 11. c5 Bf8 12. b4 Bxf3 13. Bxf3 e5 14. Qb3 e4 15. Be2 Ne7 16. b5 axb5 17. Qxb5 b6 18. cxb6 cxb6 19. Rfc1 Nc8 20. Na4 Re6 21. Rc3 Na7 22. Qb2 Nc8 23. Bd1 g6 24. Rac1 Kg7 25. Qb3 Na7 26. Rc7 b5 27. Ba5 bxa4 28. Qb7 Kg8 29. Bb6 Nb5 30. R1c6 Rb8 31. Qxb8 Qxb8 32. Rc8 Qxc8 0-1

[Event "BCF-chT3Na 1516 (4NCL)"]
[Site "England"]
[Date "2016.01.17"]
[Round "4.69"]
[White "Laurence, Geoffrey"]
[Black "Bin Suhayl, Ieysaa"]
[Result "1/2-1/2"]
[WhiteElo "2008"]
[BlackElo "1967"]
[PlyCount "73"]
[EventDate "2015.11.14"]
[EventType "team-swiss"]
[EventRounds "7"]
[EventCountry "ENG"]
[SourceTitle "CBM 170 Extra"]
[Source "ChessBase"]
[SourceDate "2016.02.25"]
[SourceVersion "1"]
[SourceVersionDate "2016.02.25"]
[SourceQuality "1"]
[WhiteTeam "Holmes Chapel"]
[BlackTeam "Broadland Bitterns"]
[WhiteTeamCountry "ENG"]
[BlackTeamCountry "ENG"]

1. d4 d5 2. Nf3 Nf6 3. e3 e6 4. Bd3 c5 5. b3 Nc6 6. Bb2 Ne4 7. Nbd2 Nxd2 8. Qxd2 cxd4 9. exd4 Be7 10. 0-0 0-0 11. a3 b6 12. Rae1 Bb7 13. Qe2 Bf6 14. Ne5 g6 15. f4 Nxe5 16. fxe5 Bg7 17. Qg4 Qe7 18. Re2 a5 19. Rf3 Ba6 20. Bxa6 Rxa6 21. a4 Raa8 22. Ree3 Rac8 23. Rc3 Bh6 24. h4 Qb4 25. Rfd3 Rxc3 26. Bxc3 Qa3 27. Qd1 Qc1 28. Qxc1 Bxc1 29. Kf2 Rc8 30. Ke2 Kg7 31. Kd1 Ba3 32. Bd2 Be7 33. g3 h6 34. c3 g5 35. hxg5 hxg5 36. g4 Rh8 37. Rg3 1/2-1/2

[Event "BCF-chT4a 0405 (4NCL)"]
[Site "Telford"]
[Date "2005.05.29"]
[Round "10.4"]
[White "Laurence, Geoffrey"]
[Black "Truman, Richard G"]
[Result "1/2-1/2"]
[WhiteElo "1975"]
[BlackElo "2019"]
[PlyCount "77"]
[EventDate "2004.11.06"]
[EventType "team"]
[EventRounds "11"]
[EventCountry "ENG"]
[SourceTitle "EXT 2006"]
[Source "ChessBase"]
[SourceDate "2005.11.24"]
[SourceVersion "1"]
[SourceVersionDate "2005.11.24"]
[SourceQuality "1"]
[WhiteTeam "Cheddleton"]
[BlackTeam "Nottinghamshire"]
[WhiteTeamCountry "ENG"]
[BlackTeamCountry "ENG"]

1. d4 Nf6 2. Nf3 g6 3. Nc3 d5 4. Bf4 Bg7 5. e3 0-0 6. Be2 c5 7. Ne5 cxd4 8. exd4 Nc6 9. 0-0 Bf5 10. Nxc6 bxc6 11. Re1 Qa5 12. Bd3 Bxd3 13. Qxd3 Rfe8 14. a3 Nh5 15. Bg5 f6 16. Bd2 Qc7 17. Re6 Bf8 18. Rae1 Ng7 19. R6e2 e5 20. dxe5 fxe5 21. Qh3 Bd6 22. f3 Nf5 23. Bg5 Qb6+ 24. Kh1 Qxb2 25. Nd1 Qb7 26. Nf2 h5 27. g4 Nd4 28. Rd2 Qf7 29. f4 Ne6 30. gxh5 Nxf4 31. Bxf4 Qxf4 32. hxg6 Re7 33. Rde2 Rf8 34. Ng4 Qf3+ 35. Qxf3 Rxf3 36. Nxe5 Bxe5 37. Rxe5 Rxe5 38. Rxe5 Rxa3 39. Re7 1/2-1/2